000 00804cam a22002174a 4500
020 _a0471889938 (cased : acidfree paper)
020 _a047189060X (pbk. : acidfree paper)
082 0 0 _a693.82
_bBUC
_cN-1, P-111
100 1 _aBuchanan, Andrew Hamilton,
_944985
245 1 0 _aStructural design for fire safety /
_cAndrew H. Buchanan.
260 _aChichester ;
_aNew York :
_bWiley,
_cc2001.
300 _axxii, 421 p. :
_bill. ;
_c25 cm.
526 _a0
_b0
_c0
_d693_820000000000000_BUC
526 _a0
_b0
_c0
_d693_820000000000000_BUC
650 0 _aBuilding, Fireproof.
_924937
650 0 _aNUST
_96342
650 0 _aStructural engineering.
856 4 _uhttp://www.loc.gov/catdir/toc/onix06/00047752.html
856 4 2 _uhttp://www.loc.gov/catdir/description/wiley034/00047752.html
942 _2ddc
_cBK
999 _c548615
_d548615